00246nam a2200085Ia 4500001000800000005001700008008004100025245005200066260004200118125368120251031150958.0251031s9999 xx 000 0 und d 0cVURAL KAYAaU-11 İYİLİK BİLDİRİSİ bTÜRKİYE DİYANET VAKFI YAYINLARI